| 000 | 00931nam a2200229Ia 4500 | ||
|---|---|---|---|
| 001 | L232-6558 | ||
| 003 | IT-CnALBA | ||
| 008 | 170116s9999||||xx |||||||||||||| ||und|| | ||
| 040 |
_aIT-CnALBA _cIT-CnALBA |
||
| 041 | _aITALIANO | ||
| 100 | _aBOSSUET JACQUES-BENIGNE VESCOVO DI MEAUX | ||
| 245 | 0 | _aMEDITAZIONI SUL VANGELO. VOL. I. | |
| 250 | _a1a ed. | ||
| 260 |
_a BRESCIA _bGATTI VITTORIO, EDITORE _c1930 [1° Ed.:1930] |
||
| 300 | _a398 p. (prefazione: 13) | ||
| 500 | _aMEDITAZIONI SUL VANGELO. IL SIGNORE SUL MONTE. PREPARAZIONE ALL'ULTIMA SETTIMANA DEL SALVATORE. VIRTÙ CRISTIANE. | ||
| 501 | _aSocietà San Paolo EM - Piazza San Paolo, 14 - 12051 ALBA (CN) (non commercial uses only) ® Copyright 2017 | ||
| 520 | _aMEDITAZIONI SUL VANGELO. IL SIGNORE SUL MONTE. PREPARAZIONE ALL'ULTIMA SETTIMANA DEL SALVATORE. VIRTÙ CRISTIANE. | ||
| 650 | _aVITA E MISTERO DI CRISTO | ||
| 942 | _cBK | ||
| 957 | _71 | ||
| 999 |
_a7534 _bSI _g Copie: 1 _c265740 _d265740 |
||